00715nam a2200205Ia 4500003000900000008004100009020001800050040001600068080001300084100003000097245009700127260003600224300001500260650004100275650003000316650001800346942000700364999001700371952012100388IN-BaIIA211028s9999 xx 000 0 eng d a0-387-97575-6 cIIA Library a533bPER aPeratt, Anthony L.917724 0aPhysics of the plasma universecAnthony L. Peratt  aNew YorkbSpringer-Verlagc1992 axii, 372p. aAstronomy and astrophysics thesaurus aPlasma astrophysics93786 aPlasmas91898 cBK c10418d10418 00104070aBANbBANcGENd1992-08-11g3048.80l0o533/ PERp11328r2021-11-05v3048.80w1992-08-11yBKGRs. 3048.80